000
00365nam a2200157Ia 4500
003
0STCL
008
150530s9999 xx 000 0 und d
040
_a
STCL
_c
STCL
100
_a
Hardev Bahri Ed.
245
_a
Advanced Learners English-Hindi Dictionary
260
_c
1999
546
_a
English
942
_2
ddc
_c
BK
999
_c
45393
_d
45393
005
20220125170649.0